Thể chế tư pháp trong nhà nước pháp quyền

Wedi'i Gadw mewn:
Manylion Llyfryddiaeth
Fformat: Llyfr
Iaith:Undetermined
Cyhoeddwyd: Hà Nội Tư pháp 2004
Pynciau:
Tagiau: Ychwanegu Tag
Dim Tagiau, Byddwch y cyntaf i dagio'r cofnod hwn!
Thư viện lưu trữ: Trung tâm Học liệu Trường Đại học Cần Thơ
LEADER 00502nam a2200181Ia 4500
001 CTU_74083
008 210402s9999 xx 000 0 und d
020 |b 30000 
082 |a 342.597041 
082 |b Th250 
245 0 |a Thể chế tư pháp trong nhà nước pháp quyền 
260 |a Hà Nội 
260 |b Tư pháp 
260 |c 2004 
650 |a Constitution,state 
650 |z Vietnam 
904 |i Tuyến 
980 |a Trung tâm Học liệu Trường Đại học Cần Thơ